000 00564nam a2200217 a 4500
001 BRCA_4228
005 20190320204607.0
008 110610s1950----enk#######---#000-0#eng-#
041 _aeng
044 _aenk
050 4 _aPZ3
_b.M37 1950
100 1 _aMarsh, Ngaio
_910895
245 1 0 _aScales of Justice
_cNgaio Marsh.
260 _aInglaterra
_bUlverscroft Leicester
_c[1950]
300 _a255 p.
_c28 cm.
440 0 _aThe Ulverscroft large print series
_v11
_910896
500 _aAM40
650 1 4 _aCriminologĂ­a
_910897
902 _aGFM
942 _2lcc
_cB
999 _c3939
_d3939